Złota Piłka 2022 - Top 10 - Statystyki

Ogólne statystyki
  • Ten quiz został rozwiązany 887 razy
  • Średni wynik to 9 z 10
Statystyki odpowiedzi
Lp. Klub Kraj Zawodnik % Poprawnych
6 PSG Francja Kylian Mbappe
99%
5 Liverpool Egipt Mohamed Salah
99%
4 Bayern Polska Robert Lewandowski
99%
1 Real Madryt Francja Karim Benzema
98%
9 Real Madryt Chorwacja Luka Modric
98%
2 Liverpool Senegal Sadio Mane
97%
3 Man City Belgia Kevin De Bruyne
96%
10 Dortmund Norwegia Erling Haaland
95%
8 Real Madryt Brazylia Vinicius Junior
92%
7 Real Madryt Belgia Thibaut Courtois
77%
Nie znaleziono quizów pasujących do podanych kryteriów
Rozkład punktacji
Procent ludzi z każdym wynikiem
Percentyl według liczby udzielonych odpowiedzi
Twoja historia wyników
Nie rozwiązałeś tego quizu